[Event "World Chess Olympiad 2018"]
[Site "Batumi"]
[Date "2018.10.03"]
[Round "9"]
[Board "2"]
[WhiteFideId "11700777"]
[White "Amini Habibullah"]
[BlackFideId "7200420"]
[Black "Berg Olaf"]
[Result "1-0"]
[LiveChessVersion "1.4.8"]
[BlackElo "2248"]
[WhiteElo "1988"]

1. d4 {[%clk 1:30:52]} Nf6 {[%clk 1:30:41]} 2. Bf4 {[%clk 1:31:16]} d6
{[%clk 1:30:42]} 3. e3 {[%clk 1:31:19]} Nbd7 {[%clk 1:30:39]} 4. Nf3
{[%clk 1:31:01]} Nh5 {[%clk 1:29:38]} 5. Bg5 {[%clk 1:30:59]} h6 {[%clk 1:28:07]}
6. Bh4 {[%clk 1:31:28]} g5 {[%clk 1:27:59]} 7. Nfd2 {[%clk 1:28:34]} Ndf6
{[%clk 1:09:53]} 8. Bg3 {[%clk 1:28:19]} Nxg3 {[%clk 1:08:18]} 9. hxg3
{[%clk 1:28:47]} Bg7 {[%clk 1:07:54]} 10. Bd3 {[%clk 1:28:36]} c5
{[%clk 1:00:01]} 11. c3 {[%clk 1:27:29]} O-O {[%clk 0:54:29]} 12. Ne4
{[%clk 1:26:29]} Nxe4 {[%clk 0:53:25]} 13. Bxe4 {[%clk 1:26:57]} f5
{[%clk 0:49:26]} 14. Bc2 {[%clk 1:26:58]} e5 {[%clk 0:42:50]} 15. dxc5
{[%clk 1:25:28]} d5 {[%clk 0:36:21]} 16. Nd2 {[%clk 1:23:43]} Qc7
{[%clk 0:31:41]} 17. Nb3 {[%clk 1:23:14]} Be6 {[%clk 0:31:42]} 18. O-O
{[%clk 1:18:05]} Rad8 {[%clk 0:22:50]} 19. Qe2 {[%clk 1:17:26]} g4
{[%clk 0:17:10]} 20. f4 {[%clk 1:14:44]} gxf3 {[%clk 0:17:29]} 21. gxf3
{[%clk 1:15:00]} Rf6 {[%clk 0:15:55]} 22. f4 {[%clk 1:14:56]} Rg6
{[%clk 0:16:08]} 23. Kf2 {[%clk 1:14:13]} Kh8 {[%clk 0:04:07]} 24. Qh5
{[%clk 1:13:09]} Qf7 {[%clk 0:03:56]} 25. Rad1 {[%clk 1:10:59]} a5
{[%clk 0:02:50]} 26. Rh1 {[%clk 1:00:32]} a4 {[%clk 0:01:47]} 27. Nd2
{[%clk 1:00:17]} a3 {[%clk 0:01:47]} 28. bxa3 {[%clk 0:59:41]} exf4
{[%clk 0:01:21]} 29. gxf4 {[%clk 0:58:22]} Bxc3 {[%clk 0:01:26]} 30. Nf3
{[%clk 0:58:51]} d4 {[%clk 0:00:33]} 31. Rdg1 {[%clk 0:51:59]} dxe3+
{[%clk 0:00:38]} 32. Kxe3 {[%clk 0:52:26]} Rxg1 {[%clk 0:00:33]} 33. Qxh6+
{[%clk 0:52:24]} Kg8 {[%clk 0:00:59]} 34. Rxg1+ {[%clk 0:52:32]} Bg7
{[%clk 0:01:26]} 35. Ne5 {[%clk 0:51:30]} Kf8 {[%clk 0:00:33]} 36. Nxf7
{[%clk 0:51:22]} Bxh6 {[%clk 0:00:49]} 37. Nxd8 {[%clk 0:51:49]} 1-0

[Event "World Chess Olympiad 2018"]
[Site "Batumi"]
[Date "2018.10.03"]
[Round "9"]
[Board "3"]
[WhiteFideId "7200315"]
[White "Poulsen Martin"]
[BlackFideId "11701137"]
[Black "Sulaiman Ahmad Ashrafi"]
[Result "1-0"]
[LiveChessVersion "1.4.8"]
[BlackElo "1908"]
[WhiteElo "2239"]

1. e4 {[%clk 1:30:56]} e6 {[%clk 1:30:55]} 2. d4 {[%clk 1:26:44]} d5
{[%clk 1:31:19]} 3. exd5 {[%clk 1:26:40]} exd5 {[%clk 1:31:46]} 4. c4
{[%clk 1:27:05]} Nf6 {[%clk 1:31:06]} 5. Nc3 {[%clk 1:26:52]} c6 {[%clk 1:27:51]}
6. Nf3 {[%clk 1:22:53]} Bd6 {[%clk 1:23:48]} 7. Bg5 {[%clk 1:20:26]} dxc4
{[%clk 1:18:20]} 8. Bxc4 {[%clk 1:18:08]} O-O {[%clk 1:18:42]} 9. O-O
{[%clk 1:17:25]} Nbd7 {[%clk 1:16:10]} 10. Bb3 {[%clk 1:07:26]} Qa5
{[%clk 1:09:25]} 11. Re1 {[%clk 0:49:36]} h6 {[%clk 1:08:28]} 12. Bxf6
{[%clk 0:43:39]} Nxf6 {[%clk 1:08:24]} 13. Ne5 {[%clk 0:43:15]} Bf5
{[%clk 0:59:22]} 14. Qf3 {[%clk 0:21:59]} Bh7 {[%clk 0:59:37]} 15. Qh3
{[%clk 0:16:38]} Rae8 {[%clk 0:51:32]} 16. Nxf7 {[%clk 0:14:37]} Rxe1+
{[%clk 0:47:01]} 17. Rxe1 {[%clk 0:14:54]} Rxf7 {[%clk 0:47:21]} 18. Bxf7+
{[%clk 0:14:27]} 1-0

[Event "World Chess Olympiad 2018"]
[Site "Batumi"]
[Date "2018.10.03"]
[Round "9"]
[Board "4"]
[WhiteFideId "11700947"]
[White "Kanz Ahmad Safy"]
[BlackFideId "7200277"]
[Black "Samuelsen Carl Eli Nolsoe"]
[Result "1-0"]
[LiveChessVersion "1.4.8"]
[BlackElo "2237"]
[WhiteElo "1826"]

1. e4 {[%clk 1:30:48]} c5 {[%clk 1:30:49]} 2. Nf3 {[%clk 1:31:01]} e6
{[%clk 1:31:09]} 3. d4 {[%clk 1:31:14]} cxd4 {[%clk 1:31:34]} 4. Nxd4
{[%clk 1:31:34]} a6 {[%clk 1:31:19]} 5. Nc3 {[%clk 1:30:56]} Qc7 {[%clk 1:31:37]}
6. Bd3 {[%clk 1:30:59]} Nc6 {[%clk 1:31:19]} 7. Be3 {[%clk 1:30:31]} Nf6
{[%clk 1:29:41]} 8. O-O {[%clk 1:29:20]} b5 {[%clk 1:27:51]} 9. Nxc6
{[%clk 1:29:02]} dxc6 {[%clk 1:27:49]} 10. a4 {[%clk 1:28:55]} b4
{[%clk 1:21:24]} 11. Nb1 {[%clk 1:28:46]} c5 {[%clk 1:19:43]} 12. Nd2
{[%clk 1:28:01]} Bb7 {[%clk 1:19:37]} 13. a5 {[%clk 1:23:02]} Be7
{[%clk 1:17:07]} 14. f3 {[%clk 1:16:11]} O-O {[%clk 1:05:36]} 15. Qe2
{[%clk 1:14:37]} Nd7 {[%clk 1:03:38]} 16. Nc4 {[%clk 1:14:39]} e5
{[%clk 0:48:48]} 17. f4 {[%clk 1:08:48]} exf4 {[%clk 0:47:22]} 18. Bxf4
{[%clk 1:09:01]} Qc6 {[%clk 0:46:39]} 19. e5 {[%clk 1:08:55]} Qe6
{[%clk 0:38:24]} 20. Bg3 {[%clk 1:01:22]} Rad8 {[%clk 0:28:26]} 21. Rae1
{[%clk 0:52:03]} Nb8 {[%clk 0:26:46]} 22. Ne3 {[%clk 0:49:52]} Nc6
{[%clk 0:23:18]} 23. Bc4 {[%clk 0:41:03]} Nd4 {[%clk 0:21:04]} 24. Qf2
{[%clk 0:40:48]} Qg6 {[%clk 0:21:15]} 25. c3 {[%clk 0:38:28]} Ne6
{[%clk 0:18:41]} 26. Nf5 {[%clk 0:36:56]} Rfe8 {[%clk 0:16:36]} 27. Nxe7+
{[%clk 0:35:01]} Rxe7 {[%clk 0:16:57]} 28. Bh4 {[%clk 0:35:22]} Nf4
{[%clk 0:15:26]} 29. Qg3 {[%clk 0:34:41]} Rd2 {[%clk 0:14:13]} 30. Rf2
{[%clk 0:28:39]} Rxf2 {[%clk 0:13:41]} 31. Kxf2 {[%clk 0:25:11]} Qc2+
{[%clk 0:09:23]} 32. Kg1 {[%clk 0:18:05]} Nxg2 {[%clk 0:02:53]} 33. e6
{[%clk 0:15:24]} fxe6 {[%clk 0:01:56]} 34. Rxe6 {[%clk 0:14:08]} 1-0

[Event "World Chess Olympiad 2018"]
[Site "Batumi"]
[Date "2018.10.03"]
[Round "9"]
[Board "1"]
[WhiteFideId "6700098"]
[White "Chavez Ricardo Ernesto"]
[BlackFideId "12000108"]
[Black "Mannhart Marcel"]
[Result "0-1"]
[LiveChessVersion "1.4.8"]
[BlackElo "2096"]
[WhiteElo "2244"]

1. e4 {[%clk 1:30:56]} c5 {[%clk 1:30:46]} 2. Nf3 {[%clk 1:31:16]} g6
{[%clk 1:31:00]} 3. d4 {[%clk 1:31:36]} cxd4 {[%clk 1:31:23]} 4. Nxd4
{[%clk 1:32:01]} Bg7 {[%clk 1:31:35]} 5. Nc3 {[%clk 1:32:24]} Nc6
{[%clk 1:31:42]} 6. Nb3 {[%clk 1:32:28]} Nf6 {[%clk 1:31:32]} 7. g4
{[%clk 1:32:40]} d6 {[%clk 1:30:20]} 8. g5 {[%clk 1:33:04]} Nd7 {[%clk 1:29:08]}
9. h4 {[%clk 1:33:28]} h6 {[%clk 1:20:45]} 10. gxh6 {[%clk 1:32:32]} Bxh6
{[%clk 1:20:56]} 11. Bxh6 {[%clk 1:32:18]} Rxh6 {[%clk 1:21:20]} 12. Qd2
{[%clk 1:31:48]} Rh8 {[%clk 1:15:31]} 13. O-O-O {[%clk 1:31:35]} Nf8
{[%clk 1:06:44]} 14. Be2 {[%clk 1:30:40]} Be6 {[%clk 1:06:04]} 15. Nd5
{[%clk 1:29:01]} Qd7 {[%clk 0:58:53]} 16. Qc3 {[%clk 1:22:07]} f6
{[%clk 0:51:48]} 17. Bb5 {[%clk 1:18:57]} Kf7 {[%clk 0:50:11]} 18. Nd4
{[%clk 1:03:20]} Bxd5 {[%clk 0:47:36]} 19. Rde1 {[%clk 0:55:41]} Qg4
{[%clk 0:41:25]} 20. exd5 {[%clk 0:48:48]} Nxd4 {[%clk 0:41:02]} 21. Rxe7+
{[%clk 0:32:41]} Kg8 {[%clk 0:33:02]} 22. Qc7 {[%clk 0:26:47]} Rh7
{[%clk 0:30:12]} 23. Rxh7 {[%clk 0:24:42]} Nxh7 {[%clk 0:30:13]} 24. Bd3
{[%clk 0:24:40]} Qf4+ {[%clk 0:18:54]} 25. Kb1 {[%clk 0:24:52]} Nf8
{[%clk 0:18:05]} 26. Qxb7 {[%clk 0:18:54]} Re8 {[%clk 0:16:42]} 27. Qxa7
{[%clk 0:18:56]} Nf3 {[%clk 0:09:32]} 28. h5 {[%clk 0:17:11]} Qh2
{[%clk 0:09:08]} 29. Rc1 {[%clk 0:14:41]} Qxh5 {[%clk 0:07:55]} 30. Qa5
{[%clk 0:10:23]} Qe5 {[%clk 0:07:25]} 31. a4 {[%clk 0:09:56]} Re7
{[%clk 0:06:55]} 32. Qb5 {[%clk 0:08:17]} Kg7 {[%clk 0:07:01]} 33. a5
{[%clk 0:08:28]} Qd4 {[%clk 0:06:10]} 34. a6 {[%clk 0:07:44]} Qc5
{[%clk 0:05:08]} 35. Qxc5 {[%clk 0:07:33]} dxc5 {[%clk 0:05:33]} 36. Rd1
{[%clk 0:05:53]} Ra7 {[%clk 0:04:54]} 37. c3 {[%clk 0:04:49]} Ne5
{[%clk 0:04:05]} 38. Bb5 {[%clk 0:05:10]} Kf7 {[%clk 0:04:24]} 39. f4
{[%clk 0:04:25]} Ned7 {[%clk 0:04:32]} 40. Kc2 {[%clk 0:33:20]} Nb8
{[%clk 0:32:29]} 41. d6 {[%clk 0:31:07]} Ke6 {[%clk 0:31:10]} 42. Kb3
{[%clk 0:24:59]} Nfd7 {[%clk 0:23:54]} 43. Bd3 {[%clk 0:18:56]} Kxd6
{[%clk 0:22:56]} 44. Bxg6+ {[%clk 0:19:03]} Kc7 {[%clk 0:23:02]} 45. Kc4
{[%clk 0:16:52]} Rxa6 {[%clk 0:22:00]} 46. b4 {[%clk 0:17:13]} cxb4
{[%clk 0:19:46]} 47. cxb4 {[%clk 0:16:42]} Rc6+ {[%clk 0:17:41]} 48. Kb5
{[%clk 0:15:43]} Rc3 {[%clk 0:16:32]} 49. Rd4 {[%clk 0:15:53]} Nb6
{[%clk 0:15:41]} 50. Bf5 {[%clk 0:15:38]} Nc6 {[%clk 0:15:53]} 51. Rd3
{[%clk 0:14:38]} Rc1 {[%clk 0:15:21]} 0-1

[Event "World Chess Olympiad 2018"]
[Site "Batumi"]
[Date "2018.10.03"]
[Round "9"]
[Board "2"]
[WhiteFideId "12000078"]
[White "Guller Andras"]
[BlackFideId "6700640"]
[Black "Arias Daniel"]
[Result "0-1"]
[LiveChessVersion "1.4.8"]
[BlackElo "2274"]
[WhiteElo "2012"]

1. e4 {[%clk 1:30:49]} c5 {[%clk 1:28:26]} 2. Nf3 {[%clk 1:31:05]} d6
{[%clk 1:28:45]} 3. d4 {[%clk 1:29:19]} cxd4 {[%clk 1:29:09]} 4. Qxd4
{[%clk 1:29:42]} a6 {[%clk 1:29:29]} 5. c4 {[%clk 1:28:41]} Nc6 {[%clk 1:27:00]}
6. Qd2 {[%clk 1:28:33]} Nf6 {[%clk 1:26:49]} 7. Nc3 {[%clk 1:28:18]} e6
{[%clk 1:27:04]} 8. b3 {[%clk 1:26:11]} b6 {[%clk 1:26:26]} 9. Bb2
{[%clk 1:25:32]} Bb7 {[%clk 1:26:51]} 10. Bd3 {[%clk 1:22:35]} Be7
{[%clk 1:23:31]} 11. Rd1 {[%clk 1:17:52]} Qc7 {[%clk 1:23:14]} 12. O-O
{[%clk 1:15:22]} O-O {[%clk 1:23:37]} 13. Qe2 {[%clk 1:13:36]} Rfe8
{[%clk 1:19:17]} 14. Bb1 {[%clk 1:09:38]} Rac8 {[%clk 1:18:33]} 15. h3
{[%clk 1:01:45]} Ne5 {[%clk 1:13:35]} 16. Nd4 {[%clk 0:59:26]} Ned7
{[%clk 1:13:21]} 17. Rfe1 {[%clk 0:50:58]} Bf8 {[%clk 1:11:10]} 18. Qd2
{[%clk 0:48:11]} Qb8 {[%clk 1:05:50]} 19. Qe2 {[%clk 0:45:20]} Qa8
{[%clk 1:00:35]} 20. f4 {[%clk 0:40:18]} g6 {[%clk 1:00:29]} 21. Nf3
{[%clk 0:38:15]} Nh5 {[%clk 0:59:14]} 22. Qd2 {[%clk 0:38:06]} Rcd8
{[%clk 0:50:43]} 23. Bc2 {[%clk 0:32:03]} Bh6 {[%clk 0:45:47]} 24. Ne2
{[%clk 0:23:31]} Bxe4 {[%clk 0:21:34]} 25. Qd4 {[%clk 0:22:59]} Nhf6
{[%clk 0:19:27]} 26. Bxe4 {[%clk 0:17:18]} Qxe4 {[%clk 0:19:55]} 27. Qxd6
{[%clk 0:15:48]} Bf8 {[%clk 0:18:40]} 28. Qd3 {[%clk 0:14:49]} Bb4
{[%clk 0:12:26]} 29. Qxe4 {[%clk 0:11:37]} Nxe4 {[%clk 0:12:50]} 30. Rf1
{[%clk 0:11:51]} Ndf6 {[%clk 0:12:31]} 31. Bd4 {[%clk 0:10:22]} Bc5
{[%clk 0:12:15]} 32. Bxc5 {[%clk 0:10:17]} Nxc5 {[%clk 0:12:09]} 33. Rxd8
{[%clk 0:09:05]} Rxd8 {[%clk 0:12:34]} 34. Nfd4 {[%clk 0:08:55]} Nfe4
{[%clk 0:12:16]} 35. Nf3 {[%clk 0:04:47]} Nd2 {[%clk 0:10:47]} 36. Nxd2
{[%clk 0:04:40]} Rxd2 {[%clk 0:11:16]} 37. Nc3 {[%clk 0:04:58]} Nd3
{[%clk 0:09:14]} 38. g3 {[%clk 0:03:10]} Nb4 {[%clk 0:04:49]} 39. a3
{[%clk 0:01:51]} Nc2 {[%clk 0:04:53]} 40. Rd1 Rxd1+ {[%clk 0:35:03]} 41. Nxd1
{[%clk 0:31:21]} Nxa3 {[%clk 0:35:30]} 42. Kf2 {[%clk 0:31:36]} Nc2
{[%clk 0:35:27]} 43. Nc3 {[%clk 0:28:58]} Kf8 {[%clk 0:35:11]} 44. Na4
{[%clk 0:26:08]} b5 {[%clk 0:35:06]} 45. Nc5 {[%clk 0:26:03]} bxc4
{[%clk 0:34:02]} 46. bxc4 {[%clk 0:26:26]} Na3 {[%clk 0:34:08]} 47. Nxa6
{[%clk 0:26:43]} Nxc4 {[%clk 0:34:37]} 48. Nc5 {[%clk 0:25:35]} Ke7
{[%clk 0:34:43]} 49. Nd3 {[%clk 0:25:52]} f6 {[%clk 0:34:49]} 50. Ne1
{[%clk 0:25:26]} Kd6 {[%clk 0:34:29]} 51. Nf3 {[%clk 0:25:42]} Kd5
{[%clk 0:34:18]} 52. Ke2 {[%clk 0:25:38]} Ke4 {[%clk 0:34:25]} 53. Ne1
{[%clk 0:25:24]} Nd6 {[%clk 0:33:55]} 54. Nf3 {[%clk 0:25:27]} Nf5
{[%clk 0:33:30]} 55. Nd2+ {[%clk 0:25:46]} Kd4 {[%clk 0:33:18]} 56. Nf3+
{[%clk 0:25:43]} Kd5 {[%clk 0:33:40]} 57. Kf2 {[%clk 0:26:02]} Ke4
{[%clk 0:33:46]} 58. Nd2+ {[%clk 0:26:17]} Kd3 {[%clk 0:33:51]} 59. Nf3
{[%clk 0:26:31]} Nd4 {[%clk 0:33:22]} 60. Ne1+ {[%clk 0:26:16]} Kd2
{[%clk 0:33:17]} 61. Ng2 {[%clk 0:26:28]} Nc2 {[%clk 0:31:21]} 62. g4
{[%clk 0:16:35]} Kd3 {[%clk 0:31:03]} 63. Kg3 {[%clk 0:15:05]} Ke2
{[%clk 0:28:50]} 64. f5 {[%clk 0:14:15]} e5 {[%clk 0:28:54]} 65. fxg6
{[%clk 0:14:32]} hxg6 {[%clk 0:29:19]} 66. h4 {[%clk 0:13:34]} Nd4
{[%clk 0:29:24]} 67. h5 {[%clk 0:13:29]} gxh5 {[%clk 0:29:29]} 68. gxh5
{[%clk 0:13:53]} Nf5+ {[%clk 0:29:55]} 69. Kh3 {[%clk 0:12:13]} Kf2
{[%clk 0:29:34]} 70. Nh4 {[%clk 0:10:10]} Nh6 {[%clk 0:30:01]} 0-1

[Event "World Chess Olympiad 2018"]
[Site "Batumi"]
[Date "2018.10.03"]
[Round "9"]
[Board "4"]
[WhiteFideId "14531216"]
[White "Jelic Dejan"]
[BlackFideId "6700187"]
[Black "Burgos Figueroa Carlos E."]
[Result "1/2-1/2"]
[LiveChessVersion "1.4.8"]
[BlackElo "2222"]
[WhiteElo "1890"]

1. e4 {[%clk 1:30:58]} c5 {[%clk 1:30:32]} 2. Nf3 {[%clk 1:31:15]} a6
{[%clk 1:31:00]} 3. d4 {[%clk 1:31:13]} cxd4 {[%clk 1:31:22]} 4. Nxd4
{[%clk 1:31:29]} e5 {[%clk 1:30:05]} 5. Nb3 {[%clk 1:29:56]} Nc6 {[%clk 1:28:12]}
6. Be2 {[%clk 1:26:47]} Nf6 {[%clk 1:28:27]} 7. Bf3 {[%clk 1:24:43]} h6
{[%clk 1:28:44]} 8. Be3 {[%clk 1:24:00]} Bb4+ {[%clk 1:28:30]} 9. c3
{[%clk 1:23:48]} Be7 {[%clk 1:28:57]} 10. N1d2 {[%clk 1:23:46]} d6
{[%clk 1:29:17]} 11. Nc4 {[%clk 1:18:40]} Be6 {[%clk 1:25:58]} 12. Nb6
{[%clk 1:16:48]} Rb8 {[%clk 1:26:19]} 13. O-O {[%clk 1:16:12]} O-O
{[%clk 1:26:43]} 14. Re1 {[%clk 1:13:19]} Re8 {[%clk 1:25:17]} 15. Rc1
{[%clk 1:10:28]} Bf8 {[%clk 1:25:33]} 16. Rc2 {[%clk 1:08:35]} Qc7
{[%clk 1:25:24]} 17. Rd2 {[%clk 1:08:14]} Rbd8 {[%clk 1:25:48]} 18. Nd5
{[%clk 1:03:42]} Bxd5 {[%clk 1:25:13]} 19. exd5 {[%clk 1:04:03]} Na5
{[%clk 1:23:38]} 20. Nxa5 {[%clk 1:03:10]} Qxa5 {[%clk 1:24:05]} 21. Qb3
{[%clk 1:02:43]} b5 {[%clk 1:24:18]} 22. a3 {[%clk 0:56:38]} Rb8 {[%clk 1:22:14]}
23. Qc2 {[%clk 0:56:13]} Qc7 {[%clk 1:18:22]} 24. h4 {[%clk 0:51:58]} Qd7
{[%clk 1:13:56]} 25. g3 {[%clk 0:51:47]} Ng4 {[%clk 1:12:36]} 26. Bg2
{[%clk 0:51:17]} f5 {[%clk 1:11:27]} 27. Rde2 {[%clk 0:48:42]} Qf7
{[%clk 1:11:11]} 28. Bc1 {[%clk 0:46:42]} e4 {[%clk 1:10:32]} 29. f3
{[%clk 0:46:10]} exf3 {[%clk 1:10:11]} 30. Bxf3 {[%clk 0:46:08]} Rxe2
{[%clk 1:10:06]} 31. Rxe2 {[%clk 0:44:19]} Ne5 {[%clk 1:05:48]} 32. Bg2
{[%clk 0:44:34]} Re8 {[%clk 1:05:42]} 33. Rf2 {[%clk 0:41:55]} Ng4
{[%clk 1:04:08]} 34. Re2 {[%clk 0:38:39]} h5 {[%clk 1:02:10]} 35. Rxe8
{[%clk 0:33:03]} Qxe8 {[%clk 1:02:32]} 36. Qxf5 {[%clk 0:33:16]} Qe1+
{[%clk 1:02:40]} 37. Qf1 {[%clk 0:33:35]} Qxg3 {[%clk 1:03:03]} 38. Bf4
{[%clk 0:33:04]} Qxh4 {[%clk 1:03:25]} 39. Qf3 {[%clk 0:27:14]} Qe1+
{[%clk 1:00:38]} 40. Bf1 {[%clk 0:56:20]} Qe7 {[%clk 1:27:31]} 41. Bh3
{[%clk 0:50:24]} Qe1+ {[%clk 1:15:40]} 42. Kg2 {[%clk 0:50:38]} Qb1
{[%clk 1:12:15]} 43. Qe2 {[%clk 0:46:42]} Qf5 {[%clk 1:11:20]} 44. Qe6+
{[%clk 0:46:18]} Qxe6 {[%clk 1:11:44]} 45. dxe6 {[%clk 0:46:44]} Be7
{[%clk 1:12:06]} 46. Kg3 {[%clk 0:40:11]} g5 {[%clk 1:11:27]} 47. Bd2
{[%clk 0:40:19]} Ne5 {[%clk 1:11:55]} 48. Be3 {[%clk 0:38:33]} h4+
{[%clk 1:11:09]} 49. Kh2 {[%clk 0:38:41]} g4 {[%clk 1:11:27]} 50. Bg2
{[%clk 0:38:35]} Nc4 {[%clk 1:08:43]} 51. Bc1 {[%clk 0:38:27]} Kg7
{[%clk 1:09:00]} 52. Bb7 {[%clk 0:38:51]} a5 {[%clk 1:09:04]} 53. Ba6
{[%clk 0:39:08]} d5 {[%clk 1:09:21]} 54. Bxb5 {[%clk 0:39:21]} Bd6+
{[%clk 1:09:44]} 55. Kh1 {[%clk 0:39:32]} Kf6 {[%clk 1:09:23]} 56. b3
{[%clk 0:34:53]} Nxa3 {[%clk 1:09:13]} 57. Bd7 {[%clk 0:34:06]} Nb1
{[%clk 1:07:29]} 58. e7 {[%clk 0:33:46]} Bxe7 {[%clk 1:07:10]} 59. Bxg4
{[%clk 0:33:33]} Nxc3 {[%clk 1:07:33]} 60. Kg2 {[%clk 0:33:21]} Kg6
{[%clk 1:07:34]} 61. Kf3 {[%clk 0:33:07]} Bg5 {[%clk 1:07:34]} 62. Be3
{[%clk 0:29:10]} Bxe3 {[%clk 1:05:46]} 63. Kxe3 {[%clk 0:29:31]} Ne4
{[%clk 1:06:01]} 64. Kd4 {[%clk 0:28:57]} Nf6 {[%clk 1:03:40]} 65. Bh3
{[%clk 0:29:14]} Kg5 {[%clk 1:01:27]} 66. Ke5 {[%clk 0:29:23]} Nh5
{[%clk 1:01:46]} 67. Bd7 {[%clk 0:27:14]} Nf6 {[%clk 1:01:12]} 68. Bh3
{[%clk 0:27:05]} Kg6 {[%clk 0:58:37]} 69. Ke6 {[%clk 0:26:22]} Ne4
{[%clk 0:48:29]} 70. Kxd5 {[%clk 0:25:06]} Nd2 {[%clk 0:47:00]} 71. Kc5
{[%clk 0:24:14]} Nxb3+ {[%clk 0:47:25]} 72. Kb5 {[%clk 0:24:18]} Kg5
{[%clk 0:47:37]} 73. Ka4 {[%clk 0:24:39]} Nc5+ {[%clk 0:46:19]} 74. Kxa5
{[%clk 0:25:01]} Ne4 {[%clk 0:46:48]} 75. Kb4 {[%clk 0:25:00]} Kf4
{[%clk 0:46:42]} 76. Kc4 {[%clk 0:25:07]} Kg3 {[%clk 0:46:29]} 77. Be6
{[%clk 0:24:15]} Nf2 {[%clk 0:46:23]} 78. Bc8 {[%clk 0:20:25]} Ng4
{[%clk 0:46:48]} 79. Kd3 {[%clk 0:20:26]} h3 {[%clk 0:46:58]} 80. Ke2
{[%clk 0:20:44]} h2 {[%clk 0:43:24]} 81. Bb7 {[%clk 0:21:05]} Nf2
{[%clk 0:42:34]} 82. Kf1 {[%clk 0:19:43]} Nd3 {[%clk 0:42:08]} 83. Ba8
{[%clk 0:19:33]} Ne5 {[%clk 0:42:05]} 84. Ke2 {[%clk 0:19:46]} Ng6
{[%clk 0:42:11]} 85. Bh1 {[%clk 0:19:11]} Nh4 {[%clk 0:42:36]} 86. Ke1
{[%clk 0:18:33]} Nf5 {[%clk 0:38:57]} 87. Ke2 {[%clk 0:17:39]} Ng7
{[%clk 0:39:02]} 88. Ke1 {[%clk 0:17:34]} Ne6 {[%clk 0:39:16]} 89. Kf1
{[%clk 0:17:32]} Nf8 {[%clk 0:38:29]} 90. Ke1 {[%clk 0:17:50]} Nh7
{[%clk 0:38:37]} 91. Kf1 {[%clk 0:18:03]} Ng5 {[%clk 0:38:09]} 92. Ke2
{[%clk 0:17:53]} Nh3 {[%clk 0:37:55]} 93. Ke1 {[%clk 0:17:27]} Nf2
{[%clk 0:38:07]} 94. Ba8 {[%clk 0:17:36]} Ng4 {[%clk 0:38:22]} 95. Bh1
{[%clk 0:17:44]} Nf2 {[%clk 0:33:55]} 96. Ba8 {[%clk 0:17:54]} Nd3+
{[%clk 0:33:53]} 97. Ke2 {[%clk 0:17:29]} Nf4+ {[%clk 0:34:02]} 98. Kf1
{[%clk 0:17:45]} Ne6 {[%clk 0:33:58]} 99. Bh1 {[%clk 0:17:39]} Nd4
{[%clk 0:34:07]} 100. Ke1 {[%clk 0:17:38]} Nf3+ {[%clk 0:34:02]} 101. Ke2
{[%clk 0:17:03]} Ng5 {[%clk 0:32:08]} 102. Kf1 {[%clk 0:17:14]} Nh3
{[%clk 0:32:35]} 103. Ke1 {[%clk 0:17:25]} Nf2 {[%clk 0:32:58]} 104. Ba8
{[%clk 0:17:41]} Nd3+ {[%clk 0:33:09]} 105. Ke2 {[%clk 0:17:34]} Nc1+
{[%clk 0:33:25]} 106. Kf1 {[%clk 0:17:44]} Nb3 {[%clk 0:33:53]} 107. Bh1
{[%clk 0:17:39]} Nd4 {[%clk 0:34:11]} 108. Ke1 {[%clk 0:17:49]} Nc2+
{[%clk 0:34:31]} 109. Ke2 {[%clk 0:17:16]} 1/2-1/2

[Event "World Chess Olympiad 2018"]
[Site "Batumi"]
[Date "2018.10.03"]
[Round "9"]
[Board "1"]
[WhiteFideId "12200875"]
[White "Tagelsir Abubaker"]
[BlackFideId "9300244"]
[Black "Omar Noaman"]
[Result "0-1"]
[LiveChessVersion "1.4.8"]
[BlackElo "2356"]
[WhiteElo "2236"]

1. e4 {[%clk 1:24:16]} c6 {[%clk 1:30:23]} 2. c4 {[%clk 1:24:33]} d5
{[%clk 1:30:36]} 3. cxd5 {[%clk 1:24:52]} cxd5 {[%clk 1:31:00]} 4. exd5
{[%clk 1:25:05]} Nf6 {[%clk 1:31:21]} 5. Nc3 {[%clk 1:25:21]} Nxd5
{[%clk 1:31:32]} 6. Nf3 {[%clk 1:20:41]} Nc6 {[%clk 1:31:48]} 7. Bb5
{[%clk 1:21:04]} e6 {[%clk 1:31:19]} 8. O-O {[%clk 1:21:14]} Be7 {[%clk 1:31:20]}
9. d4 {[%clk 1:21:17]} O-O {[%clk 1:31:40]} 10. Re1 {[%clk 1:21:34]} Nf6
{[%clk 1:25:02]} 11. a3 {[%clk 1:16:30]} Bd7 {[%clk 1:10:34]} 12. Bd3
{[%clk 1:15:40]} Rc8 {[%clk 1:10:45]} 13. Bb1 {[%clk 1:12:48]} Nb8
{[%clk 1:00:26]} 14. Ne5 {[%clk 1:02:29]} Bc6 {[%clk 1:00:09]} 15. Re3
{[%clk 1:02:38]} Nbd7 {[%clk 1:00:24]} 16. Nxc6 {[%clk 0:57:26]} bxc6
{[%clk 0:55:07]} 17. Rg3 {[%clk 0:53:29]} Re8 {[%clk 0:54:53]} 18. Bh6
{[%clk 0:48:45]} g6 {[%clk 0:53:52]} 19. Ba2 {[%clk 0:48:40]} Nb6
{[%clk 0:53:12]} 20. h4 {[%clk 0:39:42]} Bd6 {[%clk 0:45:06]} 21. Rh3
{[%clk 0:36:50]} Nbd5 {[%clk 0:44:51]} 22. h5 {[%clk 0:33:29]} Nxc3
{[%clk 0:41:51]} 23. bxc3 {[%clk 0:33:23]} Nxh5 {[%clk 0:41:02]} 24. Rxh5
{[%clk 0:29:22]} gxh5 {[%clk 0:41:18]} 25. Qxh5 {[%clk 0:29:47]} Bf8
{[%clk 0:32:57]} 26. Bg5 {[%clk 0:25:42]} Be7 {[%clk 0:31:28]} 27. Bh6
{[%clk 0:19:00]} Bf8 {[%clk 0:31:28]} 28. Bb1 {[%clk 0:12:11]} Qd5
{[%clk 0:12:47]} 29. Qg4+ {[%clk 0:04:24]} Kh8 {[%clk 0:13:05]} 30. c4
{[%clk 0:01:45]} f5 {[%clk 0:08:15]} 31. Qd1 {[%clk 0:00:35]} Qd7
{[%clk 0:07:55]} 32. Be3 {[%clk 0:00:45]} Bg7 {[%clk 0:08:03]} 33. Ra2
{[%clk 0:00:35]} c5 {[%clk 0:07:46]} 34. d5 {[%clk 0:00:38]} exd5
{[%clk 0:07:41]} 35. cxd5 {[%clk 0:00:32]} c4 {[%clk 0:08:08]} 36. Qh5
{[%clk 0:00:49]} Re5 {[%clk 0:08:10]} 37. Rd2 {[%clk 0:00:31]} c3
{[%clk 0:08:10]} 38. Rc2 {[%clk 0:00:39]} Rxd5 {[%clk 0:08:24]} 39. Ba2
{[%clk 0:00:33]} Rb5 {[%clk 0:06:57]} 40. Bh6 {[%clk 0:00:00]} 0-1